000 01205nam a22002537a 4500
005 20170124103202.0
010 _a419922
020 _c11.50
035 _a419922
037 _bCen Lib/Ret
040 _aDPL
_bHN
082 _a535.6
_bमिनैर्ट
100 _aमिनैर्ट, एम.
_992038
245 _aप्रकाश और वर्ण :
_cएम.मिनैर्ट ; अनुवादक भगवतीप्रसाद श्रीवास्तव
_bका स्वरुप खुली हवा में /
246 _aPrakash aur varn : ka swaroop, khuli hawa me /
_bby M. Mairt ; anuvadak bhagaviprasad Shivastava
260 _aउत्तर प्रदेश
_bसूचना विभाग
_c1962
270 _bउत्तर प्रदेश
300 _a433पृ.
_c22सेमी(सजिल्द )
500 _aपरिशिष्ट शामिल
650 _aप्रकाश और वर्ण
_x
_z
_992039
650 _aLight and characters
_992040
700 _aश्रीवास्तव, भगवतीप्रसाद
_942919
942 _2ddc
_cHN
_h535.6
_mमिनैर्ट
999 _c120705
_d120705